Library Logo

Pioneer International University Library Catalogue

Myra Breckinridge : (Record no. 8854)

MARC details
000 -LEADER
fixed length control field 02202cam a2200385 i 4500
001 - CONTROL NUMBER
control field 20831113
003 - CONTROL NUMBER IDENTIFIER
control field OSt
005 - DATE AND TIME OF LATEST TRANSACTION
control field 20250901165746.0
008 - FIXED-LENGTH DATA ELEMENTS--GENERAL INFORMATION
fixed length control field 190131s2019 nyua 000 1 eng
010 ## - LIBRARY OF CONGRESS CONTROL NUMBER
LC control number 2019004286
020 ## - INTERNATIONAL STANDARD BOOK NUMBER
International Standard Book Number 9780525566502 (paperback)
020 ## - INTERNATIONAL STANDARD BOOK NUMBER
Canceled/invalid ISBN 9780525566519 (eBook)
040 ## - CATALOGING SOURCE
Original cataloging agency DLC
Language of cataloging eng
Transcribing agency DLC
Description conventions rda
Modifying agency DLC
042 ## - AUTHENTICATION CODE
Authentication code pcc
050 00 - LIBRARY OF CONGRESS CALL NUMBER
Classification number PS 3543 .I26 M9 1992
Item number M9 2019
082 00 - DEWEY DECIMAL CLASSIFICATION NUMBER
Classification number 813/.54
Edition information 23
084 ## - OTHER CLASSIFICATION NUMBER
Classification number FIC052000
-- FIC004000
Number source bisacsh
100 1# - MAIN ENTRY--PERSONAL NAME
Personal name Vidal, Gore,
Dates associated with a name 1925-2012,
Relator term author.
245 10 - TITLE STATEMENT
Title Myra Breckinridge :
Remainder of title a novel /
Statement of responsibility, etc. Gore Vidal ; [introduction by Camille Paglia].
250 ## - EDITION STATEMENT
Edition statement First Vintage International edition.
264 #1 - PRODUCTION, PUBLICATION, DISTRIBUTION, MANUFACTURE, AND COPYRIGHT NOTICE
Place of production, publication, distribution, manufacture New York :
Name of producer, publisher, distributor, manufacturer Vintage International/Vintage Books, a division of Penguin Random House LLC,
Date of production, publication, distribution, manufacture, or copyright notice May 2019.
300 ## - PHYSICAL DESCRIPTION
Extent xviii, 217 pages :
Other physical details illustrations ;
Dimensions 21 cm.
336 ## - CONTENT TYPE
Content type term text
Content type code txt
Source rdacontent
337 ## - MEDIA TYPE
Media type term unmediated
Media type code n
Source rdamedia
338 ## - CARRIER TYPE
Carrier type term volume
Carrier type code nc
Source rdacarrier
490 0# - SERIES STATEMENT
Series statement Vintage international
520 ## - SUMMARY, ETC.
Summary, etc. "Finally back in print -- Gore Vidal's outrageous and immortal, gender-bending and polymorphously perverse, over-the-top, and utterly on-target comic masterpiece. "I am Myra Breckinridge, whom no man will ever possess." So begins the irresistible testimony of the luscious instructor of Empathy and Posture at Buck Loner's Academy of Drama and Modeling. Myra has a secret that only her surgeon shares; a passion for classic Hollywood films, which she regards as the supreme achievements of Western culture; and a sacred mission to bring heteronormative civilization to its knees. Fifty years after its first publication unleashed gales of laughter, delight, and ferocious dissent ("Has literary decency fallen so low?" asked Time), Myra Breckinridge's moment to instruct and delight has once again arrived"--
Assigning source Provided by publisher.
650 #7 - SUBJECT ADDED ENTRY--TOPICAL TERM
Topical term or geographic name entry element FICTION / Satire.
Source of heading or term bisacsh
650 #7 - SUBJECT ADDED ENTRY--TOPICAL TERM
Topical term or geographic name entry element FICTION / Classics.
Source of heading or term bisacsh
655 #7 - INDEX TERM--GENRE/FORM
Genre/form data or focus term Satire.
Source of term gsafd
700 1# - ADDED ENTRY--PERSONAL NAME
Personal name Paglia, Camille,
Relator term writer of introduction.
906 ## - LOCAL DATA ELEMENT F, LDF (RLIN)
a 7
b cbc
c orignew
d 1
e ecip
f 20
g y-gencatlg
942 ## - ADDED ENTRY ELEMENTS (KOHA)
Source of classification or shelving scheme Library of Congress Classification
Koha item type Books
Holdings
Withdrawn status Lost status Source of classification or shelving scheme Damaged status Not for loan Home library Current library Shelving location Date acquired Total checkouts Full call number Barcode Date last seen Price effective from Koha item type
    Library of Congress Classification     Main Library Main Library   10/11/2024   PS 3543 .I26 M9 1992 PIU0003140 10/11/2024 10/11/2024 Books